Dictionary of phrase & fable (Record no. 29024)
[ view plain ]
| 000 -LEADER | |
|---|---|
| fixed length control field | 00484nam a22001697a 4500 |
| 008 - FIXED-LENGTH DATA ELEMENTS--GENERAL INFORMATION | |
| fixed length control field | 230511b |||||||| |||| 00| 0 eng d |
| 040 ## - CATALOGING SOURCE | |
| Original cataloging agency | National Science Library |
| Transcribing agency | National Science Library |
| 080 ## - UNIVERSAL DECIMAL CLASSIFICATION NUMBER | |
| Universal Decimal Classification number | R 030.8=2 |
| Item number | K6 |
| 100 ## - MAIN ENTRY--PERSONAL NAME | |
| Personal name | Brewer, E Cobham |
| 9 (RLIN) | 8701 |
| 245 ## - TITLE STATEMENT | |
| Title | Dictionary of phrase & fable |
| 260 ## - PUBLICATION, DISTRIBUTION, ETC. | |
| Place of publication, distribution, etc. | London: |
| Name of publisher, distributor, etc. | Cassell and Company, Ltd., |
| 300 ## - PHYSICAL DESCRIPTION | |
| Extent | 1157p. |
| 650 ## - SUBJECT ADDED ENTRY--TOPICAL TERM | |
| Topical term or geographic name entry element | Literature |
| 653 ## - INDEX TERM--UNCONTROLLED | |
| Uncontrolled term | Allusions in literature |
| 653 ## - INDEX TERM--UNCONTROLLED | |
| Uncontrolled term | Mythology |
| 942 ## - ADDED ENTRY ELEMENTS (KOHA) | |
| Source of classification or shelving scheme | Universal Decimal Classification |
| Koha item type | Reference |
| Withdrawn status | Lost status | Source of classification or shelving scheme | Damaged status | Not for loan | Home library | Current library | Shelving location | Date acquired | Total Checkouts | Full call number | Barcode | Date last seen | Price effective from | Koha item type |
|---|---|---|---|---|---|---|---|---|---|---|---|---|---|---|
| Universal Decimal Classification | National Science Library | National Science Library | GF/Rk-7/C-1/R-5 | 11/06/2004 | R 030.8=20 K6 | 193471 | 11/05/2023 | 11/06/2004 | Reference |